000 00584nam a2200217Ia 4500
003 GCL
008 140319s9999 xx 000 0 eng d
040 _aGCL /
_cGCL
082 0 4 _a953
_bH C
100 1 _aLAMBTON, ANN K. S.
245 1 0 _aTHE CAMBRIDGE HISTORY OF ISLAM /
_cLAMBTON, ANN K. S.
700 1 _aHOLT, P. M.
700 1 _aLEWIS, BERNARD
260 _aانجلترا :
_bCAMBRIDGE UNIVERSITY PRESS ،
_c1990
300 _a966 P
650 0 4 _aISLAMIC LAW
650 0 4 _aISLAM - HISTORY
650 0 4 _aISLAM - CULTURE
650 0 4 _aISLAMIC RELIGION
942 _2ddc
_cBK
999 _c13942
_d13942